| 000 | 01158nam0a22002531 4500 | ||
|---|---|---|---|
| 001 | rc\584836 | ||
| 005 | 20031121163025.2 | ||
| 035 | _a(NLR Aleph) 005831968 | ||
| 090 |
_a5589756 _c5589756 |
||
| 100 | _a20031121d1987 u |0rusy50 ca | ||
| 101 | 0 | _arus | |
| 102 | _aRU | ||
| 105 | _ay ||||||||| | ||
| 200 | 1 |
_aОперативные информационные материалы _e(Физиология растит. клетки, минер. и светового питания, методика) _e[Сб. ст.] _fАН СССР, Сиб. отд-ние, Сиб. ин-т физиологии и биохимии растений _g[Редкол.: Саляев Р.К. (отв. ред.) и др.] |
|
| 210 |
_aИркутск _cБ. и. _d1987 |
||
| 215 |
_a48 с. _d20 |
||
| 320 | _aБиблиогр. в конце ст. | ||
| 702 | 1 |
_aСаляев _bР. К. _gРюрик Константинович _4340 |
|
| 712 | 0 | 2 |
_aСибирский ин-т физиологии и биохимии растений _cИркутск _3RU\NLR\AUTH\889950064 |
| 801 | 0 |
_aRU _bNLR _gpsbo |
|
| 801 | 1 |
_aRU _bELAR _2rusmarc |
|
| 852 |
_aNLR _j88-4/8111 |
||
| 942 | _cBOOK | ||
| 980 | _aNB | ||